00000000nam##2200000za#4500
0019.574204
003CaOODSP
00520210624184053
007cr |||||||||||
008150406|2006||||xxc|||||o    f|0| 0 eng|d
022 |a1488-5379
040 |aCaOODSP|beng
043 |an-cn---
0861 |aFs97-6/2657E-PDF
1101 |aCanada. |bDepartment of Fisheries and Oceans.
24510|aSummary of non-halibut catch from the standardized stock assessment survey conducted by the International Pacific Halibut Commission in British Columbia from June 1 to August 12, 2004 / |h[electronic resource]|cby J. K. Lochead, K. L. Yamanaka and C. Dykstra.
260 |aNanaimo - British Columbia : |bFisheries and Oceans Canada |c2006.
300 |a63p.|bgraphs, maps, references, tables
4901 |aCanadian technical report of fisheries and aquatic sciences|x1488-5379|v2657
500 |aThe catalogue number (Fs97-6/2657E) and ISSN (0706-6457) for the print edition have been incorrectly copied in this electronic publication.
546 |a(Résumé en français)
590 |a12-26-Supp|b2012-06-07
7201 |aDykstra, C.
7201 |aLochead, J. K.
7201 |aYamanaka, K. L.
7760#|tSummary of non-halibut catch from the Standardized stock assessment survey conducted by the International Pacific Halibut Commission in British Columbia from June 1 to August 12, 2004 / |w(CaOODSP)9.618101
830#0|aCanadian technical report of fisheries and aquatic sciences,|x1488-5379|v2657|w(CaOODSP)9.504449
85640|ahttp://publications.gc.ca|qPDF|s1.42 MB|uhttps://publications.gc.ca/collections/collection_2012/mpo-dfo/Fs97-6-2657-eng.pdf|y2657